00327nam a2200133Ia 4500008004100000041000800041082001600049100001900065245003600084260002500120300000800145365000800153700003200161230718s9999 xx 000 0 und d aeng a006.66bAST aAsthana R.G.S. aComputer Graphics For Engineers c1993bWiley And Sons a365 cRs. aAsthana R.G.S. & Sinha N.K.